[Event "GibChess Battle of the Sexes 2022"]
[Site "Caleta"]
[Date "2022.01.25"]
[Round "2.2"]
[White "Brunello, Sabino"]
[Black "Efroimski, Marsel"]
[Result "1/2-1/2"]
[WhiteElo "2492"]
[BlackElo "2429"]
[Annotator "TA"]
[PlyCount "102"]
[EventDate "2022.01.01"]
[EventType "schev"]
[EventCountry "GGB"]
[SourceTitle "playchess.com"]
[Source "ChessBase"]
[SourceQuality "1"]

{[%evp 9,102,3,6,11,22,8,14,22,14,20,28,23,42,12,17,12,19,22,45,58,113,120,104,105,120,121,124,116,121,101,108,100,102,101,103,102,104,101,112,104,133,139,125,117,123,94,418,406,344,398,370,139,125,0,395,366,516,520,511,514,481,405,392,389,480,0,287,0,521,276,262,268,244,253,638,631,548,-195,-191,-192,-209,-421,-212,-202,-152,-152,-152,-152,-152,-152,-152,-152,-152,-152,-152]} 1. d4 d5 2. Bf4 Nf6 3. e3 e6 4. Nf3 Bd6 5. Nbd2 O-O 6. Bd3 {D02: 1 d4 d5 2 Nf3 sidelines, including 2...Nf6 3 g3 and 2...Nf6 3 Bf4.} c5 7. dxc5 Bxc5 8. O-O {The position is equal.} Nbd7 9. c4 {[#]} Be7 $146 ({Predecessor:} 9... b6 10. Rc1 Bb7 11. Qe2 Rc8 12. Rfd1 Qe7 13. cxd5 e5 14. Bg5 Bxd5 15. Ba6 Rcd8 {½-½ (56) Xiong,J (2710)-So,W (2772) Saint Louis 2021}) 10. Rc1 Nh5 11. cxd5 Nxf4 12. exf4 {Hoping for dxe6.} Nf6 13. Ne5 Qxd5 14. Ndc4 {Pair of Knights!} Bc5 (14... Bd7 $14) 15. Qc2 $16 Qd8 16. Rfd1 {[%cal Od3h7] Threatens to win with Bxh7+!} Qe7 17. a3 g6 18. b4 Bb6 19. Nxb6 axb6 20. Qb2 Nd5 21. g3 Bd7 22. Be4 Ba4 23. Re1 Nf6 24. Bf3 $40 {[%mdl 128] White goes for the king. White is much more active.} Rfd8 25. Nc4 $1 b5 26. Ne5 Ne8 27. h4 Nd6 $2 {[%mdl 8192]} (27... f6 $16) 28. Ng4 $18 {White wants to mate with Nh6+.} Qf8 {Inhibits Nh6+.} 29. Nf6+ Kh8 30. Ne8+ (30. Rc7 $18) 30... Kg8 $16 {[#]} 31. Nf6+ {[%mdl 8192]} (31. Nxd6 $1 $16 Rxd6 32. Bxb7) 31... Kh8 $18 32. Rc7 {[%cal Oe1e6] Black must now prevent Rxe6!} Qg7 {[#]} (32... Rac8 $142 33. Rxc8 Nxc8) 33. Rxe6 $3 {[%mdl 512]} Nf5 34. Bxb7 Nd4 35. Rb6 Rab8 36. Kg2 Bd1 {Inhibits h5.} 37. Qa2 $2 (37. Nd7 $18 Rxb7 38. Rbxb7 Bf3+ 39. Kh3 Bxb7 40. Rxb7) 37... Bb3 $2 {[%mdl 8192]} (37... Rxb7 $1 $11 {and Black is okay.} 38. Rbxb7 Qxf6 39. Rxf7 Qc6+ 40. Kh2 Nf3+ 41. Kh3 Ng1+ 42. Kh2 Nf3+ 43. Kh3 Ng1+ 44. Kh2 Nf3+) 38. Qb2 $2 (38. Qa1) 38... Bd1 $1 39. Qc3 {Inhibits Bf3+.} Bf3+ 40. Bxf3 {White threatens Rxb8 and mate.} Rxb6 41. Nd7 ({Less strong is} 41. Qxd4 Qxf6 42. Qc5 Kg8 $16) 41... Rd6 (41... Nxf3 42. Nxb6 Qxc3 43. Rxc3 Nd4) 42. Ne5 Rf6 {[#]} 43. Qxd4 {[%mdl 8192]} Rxd4 $19 44. Rc8+ {[#]} Qg8 $1 45. Rxg8+ Kxg8 46. Bc6 {[#] Black is clearly better.} Rxc6 $1 {[%mdl 512]} 47. Nxc6 Rd3 48. Na7 Rxa3 49. Nxb5 Rb3 50. Nd4 Rxb4 51. Nc2 Rb2 {Weighted Error Value: White=0.50/Black=0.44} 1/2-1/2

[Event "GibChess Battle of the Sexes 2022"]
[Site "Caleta"]
[Date "2022.01.25"]
[Round "2.3"]
[White "Krysa, Leandro"]
[Black "Cramling, Pia"]
[Result "1/2-1/2"]
[WhiteElo "2516"]
[BlackElo "2452"]
[Annotator "TA"]
[PlyCount "59"]
[EventDate "2022.01.01"]
[EventType "schev"]
[EventCountry "GGB"]
[SourceTitle "playchess.com"]
[Source "ChessBase"]
[SourceQuality "1"]

{[%evp 9,59,19,35,29,34,27,35,33,42,23,37,54,64,58,63,64,70,46,39,66,100,11,23,11,27,14,18,0,14,0,8,8,36,42,29,38,31,27,27,35,52,51,29,11,43,27,25,13,21,0,0,7]} 1. d4 Nf6 2. Nf3 e6 3. c4 Bb4+ 4. Bd2 a5 5. a3 Be7 6. Nc3 {E11: Bogo-Indian.} d5 {Prevents e4.} 7. Bf4 $1 {[%mdl 4] is now more promising than 7.e3.} O-O 8. e3 {White is slightly better.} b6 9. cxd5 exd5 {[#]} 10. Rc1 $146 ({Predecessor:} 10. Nb5 Na6 11. Rc1 c5 12. Ne5 Qe8 13. Be2 c4 14. a4 Bb4+ 15. Kf1 Ne4 16. f3 {0-1 (27) Fugulyan,G (1958)-Bida,M (2183) Sarata Monteoru 2012}) 10... c5 11. Bb5 Bb7 12. Ne5 Ne8 13. h4 Nc7 14. Bd3 {Black must now prevent Qh5.} Ne6 {[#]} 15. Qg4 {White is much more active.} ({White should play} 15. Qh5 $1 $16 {[%csl Gd3][%cal Rh5h7]} g6 16. Qg4) 15... Nxf4 16. Qxf4 Nc6 17. h5 {Qf5 would kill now.} ({But not} 17. Qf5 g6 18. Nxc6 Bxc6 $15) 17... Nxe5 18. dxe5 {Threatens to win with Qf5.} Qd7 19. Bf5 Qe8 20. O-O {[%cal Bh1f1,Bf1d1,Bd1d5][%mdl 32]} Bd8 {[%cal Be7d8,Bd8c7,Bc7e5][%mdl 32]} 21. Rfd1 Bc7 22. Nxd5 Bxe5 23. Qg5 {[#] Strongly threatening Ne7+.} Bxd5 24. Rxd5 Bxb2 {...h6 is the strong threat.} 25. Rb1 Bf6 26. Qg4 {[%mdl 1024] White has compensation.} Rb8 (26... Qc6 $5 {[%cal Rc6d5]} 27. Rd3 Rab8 $11) 27. a4 Qe7 28. Rd7 Qe5 29. Bd3 Rbd8 30. Rxb6 {Weighted Error Value: White=0.13 (very precise) /Black=0.07 (flawless)} 1/2-1/2

[Event "GibChess Battle of the Sexes 2022"]
[Site "Caleta"]
[Date "2022.01.25"]
[Round "2.4"]
[White "Rosen, Eric"]
[Black "Houska, Jovanka"]
[Result "1/2-1/2"]
[WhiteElo "2356"]
[BlackElo "2365"]
[Annotator "TA"]
[PlyCount "113"]
[EventDate "2022.01.01"]
[EventType "schev"]
[EventCountry "GGB"]
[SourceTitle "playchess.com"]
[Source "ChessBase"]
[SourceQuality "1"]

{[%evp 10,113,24,14,30,20,39,23,41,15,18,17,22,0,0,5,5,0,18,0,58,52,74,66,50,35,39,47,41,35,47,0,0,19,54,64,58,38,44,34,95,27,31,28,21,0,0,8,20,0,0,0,4,2,2,8,6,-12,-16,-17,-18,-25,0,0,0,-20,-20,-20,-19,-125,-77,-76,-77,-322,-160,-321,-318,-449,-427,-551,-327,-376,-125,-123,-133,-133,-33,-41,-8,-8,-8,-8,-8,-8,0,0,0,-8,-8,-8,0,-8,0,-8,0,0]} 1. e4 c6 2. Nf3 d5 3. Nc3 dxe4 4. Nxe4 Nf6 5. Qe2 Nxe4 6. Qxe4 Qa5 {B11: Caro-Kann: Two Knights Variation.} 7. b4 Qf5 8. Qe3 Qe6 {White has an edge.} (8... Qxc2 {looks sharper.} 9. Bd3 Qa4 10. a3 Qb3 11. Nd4 Qd5) 9. Bb2 Qxe3+ 10. fxe3 f6 {[#]} 11. Bc4 $146 ({Predecessor:} 11. d4 e5 12. b5 exd4 13. exd4 Bb4+ 14. Kf2 Be6 15. bxc6 bxc6 16. Bd3 Nd7 17. c4 {0-1 (43) Preotu,R (2487)-Damjanovic,V (2393) Chess.com INT 2021}) 11... e5 12. a3 {[%cal Ba2a3,Ba3a4,Ba4a5][%mdl 32]} a5 13. bxa5 Rxa5 14. d4 e4 (14... exd4 $11 15. exd4 Bd6) 15. Nd2 $14 Bf5 16. O-O Bg6 17. a4 Bb4 {Prevents Bc3.} 18. c3 Be7 19. Be6 Nd7 20. Nb3 Ra7 21. c4 Rf8 22. a5 (22. d5 {with more complications.} Bf7 23. a5 Ra6 24. Nd4 Nc5 25. Rfb1) 22... Bf7 23. Bxf7+ (23. d5 {keeps more tension.} Ra6 24. Nd4 Nc5 25. Rfb1 cxd5 26. cxd5 Bxe6 27. Nxe6 Nxe6 28. dxe6 Bc5 29. Ba3) 23... Rxf7 24. g4 h5 ({Black should try} 24... g6 $14) 25. h3 (25. gxh5 $16 f5 26. Bc3) 25... hxg4 $11 26. hxg4 g6 27. Rf2 b6 28. Bc3 Bd8 29. Nd2 f5 30. Raf1 {[%cal Od2e4]} Bh4 31. Rh2 Bg5 32. Rh8+ Ke7 33. axb6 Bxe3+ 34. Kh1 $1 Nxb6 {And now ...Bxd2 would win.} 35. Nxe4 Ra4 {To avoid Bb4+} (35... fxe4 36. Rxf7+ Kxf7 37. Rh7+ Ke6 38. Rxa7 Nxc4 39. Ra8 $11) (35... Nxc4 $5 {[%cal Re7e6]} 36. gxf5 gxf5 $15) 36. gxf5 gxf5 37. Re1 Nxc4 38. Nc5 Ra2 39. Rb1 {[#]} (39. Rh6 $1 $11 {remains equal.}) 39... Rc2 (39... Nd6 $142 $1 40. Be1 (40. Re1 $2 f4 $19) 40... Rg7 41. Bh4+ Kf7) 40. Ba1 $17 Nd6 $36 {[%mdl 2048] To avoid Rb7+. Black is on the roll.} 41. Rh2 $2 ({Wrong is} 41. Re1 $2 f4 42. Rh2 Rxh2+ 43. Kxh2 Nf5 $19) (41. Nd3 $17) 41... Rxh2+ $19 42. Kxh2 {[#]} f4 $1 43. Nd3 (43. Bb2 {is a better defense.}) 43... Ke6 {aiming for ...Kf5.} 44. Kg2 Kf5 {Hoping for ...Rg7+.} 45. Kf3 Rg7 $2 (45... Ra7 $19 {is more deadly. Threatens to win with ...Ne4.} 46. Rd1 Ne4) 46. Rb8 $17 Rg3+ 47. Ke2 Nc4 (47... Rg1 $17 48. Rd8 Nb5 49. Rf8+ Ke4 50. Re8+ Kd5) 48. Rf8+ $15 Kg5 ({Much worse is} 48... Ke4 49. Nc5+ Kd5 50. Rf5+ Kd6 51. Ne4+ Ke6 52. Rf6+ Ke7 53. Kd3 $11 (53. Rxc6 Rg2+ 54. Kf3 Rc2 $11)) 49. Rg8+ {The position is equal.} Kh4 50. Rh8+ Kg4 51. Rg8+ $1 Kh3 52. Rh8+ Kg4 53. Rg8+ $1 Kh5 (53... Kh3 $5 54. Rh8+ Kg4 $11) 54. Rh8+ Kg5 {...f3+ is the strong threat.} 55. Rg8+ Kh5 56. Rh8+ Kg4 57. Rg8+ $1 {White happily takes the draw.  Weighted Error Value: White=0.22 (precise) /Black=0.21 (precise)} 1/2-1/2

[Event "GibChess Battle of the Sexes 2022"]
[Site "Caleta"]
[Date "2022.01.25"]
[Round "2.6"]
[White "Csonka, Balazs"]
[Black "Batsiashvili, Nino"]
[Result "1/2-1/2"]
[WhiteElo "2480"]
[BlackElo "2491"]
[Annotator "TA"]
[PlyCount "53"]
[EventDate "2022.01.01"]
[EventType "schev"]
[EventCountry "GGB"]
[SourceTitle "playchess.com"]
[Source "ChessBase"]
[SourceQuality "1"]

{[%evp 11,53,13,24,14,19,12,19,6,24,25,16,22,36,27,41,22,83,93,87,94,131,133,157,142,152,151,132,108,163,105,105,87,145,114,156,153,150,125,124,102,145,145,146,108]} 1. e4 e5 2. Nf3 Nc6 3. Bc4 Nf6 4. d3 Bc5 5. O-O a6 6. c3 d6 7. a4 {C54: Giuoco Piano: 4 c3 Nf6, main lines with 5 d4 and 5 d3.} Ba7 8. Re1 O-O 9. h3 {The position is equal.} Be6 10. Bxe6 fxe6 11. Be3 {[#]} Qe8 $146 ({Predecessor:} 11... Nh5 12. Bxa7 Rxa7 13. Re3 Nf4 14. Nbd2 Qf6 15. Qf1 Qh6 {1-0 (51) Antipov,M (2596)-Motylev,A (2639) Cheboksary 2021}) 12. Nbd2 Nh5 13. g3 Rf6 (13... Nf6 $11) 14. Bxa7 $16 Rxa7 {[#]} 15. d4 $1 Qg6 {[%cal Oh5g3] And now ...Nxg3! would win.} 16. dxe5 dxe5 {[%cal Oh5g3]} 17. Kh2 Ra8 18. Re3 Raf8 19. Qe2 Qf7 {[#]} (19... Qh6 $16 {might work better.}) 20. Rf1 ({Better is} 20. b4 $1 $18) 20... Rh6 {[%cal Oh5f4]} 21. Ne1 {[%cal Bf3e1,Be1d3,Bd3b4][%mdl 32]} Ne7 (21... g5 $142) 22. Nd3 Ng6 (22... Nc6 $142) 23. Rf3 Nf6 24. Kg2 Qe8 25. b3 Qc6 (25... Nh8 $142) 26. Rc1 Rd8 27. Nb4 {Weighted Error Value: White=0.09 (flawless) /Black=0.21 (precise)} 1/2-1/2

[Event "GibChess Battle of the Sexes 2022"]
[Site "Caleta"]
[Date "2022.01.25"]
[Round "2.7"]
[White "Aziz, Husain"]
[Black "Abdumalik, Zhansaya"]
[Result "0-1"]
[WhiteElo "2357"]
[BlackElo "2491"]
[Annotator "TA"]
[PlyCount "120"]
[EventDate "2022.01.01"]
[EventType "schev"]
[EventCountry "GGB"]
[SourceTitle "playchess.com"]
[Source "ChessBase"]
[SourceQuality "1"]

{[%evp 11,119,41,33,43,46,43,52,35,43,38,20,0,1,-52,-36,-39,17,-95,-89,-98,-18,-51,-33,-33,-16,-22,-31,-81,-56,-72,-65,-71,-59,-51,0,0,0,0,18,0,0,0,0,-7,0,-16,-20,-71,-83,-277,-281,-397,-252,-272,-265,-236,-213,-466,-341,-29991,-305,-501,-506,-464,-494,-443,-470,-456,-440,-409,-247,-239,-194,-205,148,-198,-193,-420,-413,-750,-233,-234,-227,-231,-214,-229,-225,-221,-227,-218,-216,-729,-729,-775,-731,-388,-72,-72,-68,-75,-72,-4076,-4076,-29996,-4120,-29997,-29998,-29998,-29999,-29999]} 1. d4 Nf6 2. Nf3 g6 3. Nbd2 {[%cal Bb1d2,Bd2b3,Bb3c5][%mdl 32]} d5 4. c4 Bg7 5. cxd5 Nxd5 6. e4 Nb6 7. Nb3 {D02: 1 d4 d5 2 Nf3 sidelines, including 2...Nf6 3 g3 and 2...Nf6 3 Bf4.} a5 8. Be3 O-O 9. Be2 {[#] White is slightly better.} f5 $146 ({Predecessor:} 9... a4 10. Nc5 N8d7 11. Qc2 c6 12. O-O Nxc5 13. Qxc5 Bg4 14. Rfd1 Nd7 15. Qc2 Qa5 {0-1 (43) Mamedyarov,S (2762)-Vachier Lagrave,M (2763) chess24.com INT 2021}) 10. Nc5 fxe4 11. Ng5 Qd5 12. f3 (12. Rc1 $11) 12... exf3 $15 13. Bxf3 {[#]} Qc4 ({Better is} 13... Rxf3 $1 $15 14. Qxf3 Nc6) 14. Qb3 (14. Rc1 $11 {keeps the balance.} Qxa2 15. O-O) 14... Qxb3 $17 15. axb3 Bh6 (15... Nc6 $17 16. Nge6 Bxe6 17. Nxe6 Rf6 18. Nxg7 Kxg7) 16. Kd2 c6 17. Rhe1 Nd5 18. Bxd5+ cxd5 19. Nf3 (19. Nge6 $15 Bxe3+ 20. Kxe3 Bxe6 21. Nxe6) 19... Bxe3+ 20. Rxe3 {[%cal Ob3b4]} Nc6 21. h3 {Prevents Bg4.} Rf4 22. Nd3 Rxf3 23. gxf3 $11 Nxd4 24. Ne5 Bf5 {Prevents Rd3. White must now prevent ...Nc2.} 25. Rc3 {[%mdl 1024] To avoid Nc2. White has compensation.} Ra6 26. Ra4 Ne6 27. h4 b5 {[%cal Bb7b5,Bb5b4][%mdl 32]} 28. Ra2 Nd4 {To avoid Nc6} 29. f4 (29. b4 $1 $11) 29... b4 $36 {[%mdl 2048] Black has strong initiative.} 30. Rc7 (30. Rg3 $17) 30... Nxb3+ $19 31. Kd1 (31. Ke1 $142) 31... Rf6 {Strongly threatening ...Bb1.} 32. Nc6 Bg4+ 33. Ke1 ({Don't go for} 33. Kc2 $2 Rxc6+ $1 {[%mdl 512]} 34. Rxc6 Nd4+ 35. Kd2 Nxc6 $19) 33... Re6+ 34. Kf1 $2 (34. Kf2 d4 35. Nxa5) 34... Kf8 35. Nxa5 $2 (35. Ne5 $19 Bf5 36. Nd7+ Kf7 37. Nc5 Nxc5 38. Rxc5) 35... Ra6 $2 (35... Nd2+ {mates} 36. Kg1 Re1+ 37. Kh2 Re2+ 38. Kg3 h5 39. f5 g5 40. Rc8+ Kf7 41. Rf8+ Kxf8 42. hxg5 Nf1+ 43. Kh4 Rh2#) 36. Ra4 $2 (36. Nxb3 Rxa2 37. Rc2) 36... Rxa5 37. Rxb4 Nc5 38. Rb8+ Kf7 39. Rh8 Bh3+ 40. Kg1 Ne4 41. Rxh7+ Kf6 42. Rcxe7 {[%csl Ge7][%cal Rh7f7] [#]} Ra1+ $1 43. Kh2 {[%csl Ge7][%cal Rh7f7]} Be6 {To avoid Rhf7+} 44. f5 $2 (44. Re8 {was worth a try.} Nd6 45. Rf8+ Nf7 46. h5 gxh5 47. f5 Kxf5 48. Rxh5+ Kg4 49. Rh7) 44... Kxf5 45. h5 (45. Rh8 $142 Nf6 46. Rd8) 45... gxh5 $2 (45... d4 {aiming for ...d3.} 46. Ra7 Rxa7 47. Rxa7 gxh5) 46. Rxh5+ Kf6 47. Re8 Bf7 {[%csl LRe8,LRh5]} 48. Rf8 Rd1 49. Rh4 Rd2+ 50. Kg1 Ng5 ({Worse is} 50... Rxb2 51. Rf4+ Kg6 52. R8xf7 $11) 51. Rb4 $2 (51. Rg4 Ne6 52. Rb8) 51... d4 52. Rb7 Kg6 {( -> ...Nf3+)} 53. Kf1 d3 $2 (53... Bc4+ $19 54. Ke1 Ne4) 54. Rd7 $17 Be6 55. Rd4 Nf7 {Threatens to win with ...Kf5.} 56. Ke1 $2 {[%mdl 8192]} (56. Re8 $17 Ng5 57. Rd6) 56... Re2+ $19 57. Kd1 Bb3+ 58. Kc1 d2+ {Black mates.} 59. Rxd2 Re1+ 60. Rd1 Rxd1# {Weighted Error Value: White=0.93/Black=0.44} 0-1

[Event "GibChess Battle of the Sexes 2022"]
[Site "Caleta"]
[Date "2022.01.25"]
[Round "2.8"]
[White "Gallagher, Joseph G."]
[Black "Muzychuk, Mariya"]
[Result "1/2-1/2"]
[WhiteElo "2447"]
[BlackElo "2539"]
[Annotator "TA"]
[PlyCount "137"]
[EventDate "2022.01.01"]
[EventType "schev"]
[EventCountry "GGB"]
[SourceTitle "playchess.com"]
[Source "ChessBase"]
[SourceQuality "1"]

{[%evp 19,137,33,31,33,35,33,31,31,37,28,38,38,53,17,27,22,31,32,32,39,39,38,35,39,37,9,13,22,19,25,27,8,8,15,55,37,77,18,35,18,82,82,82,82,82,56,82,82,82,82,82,82,82,82,581,573,495,456,597,112,112,82,178,178,178,178,178,152,152,83,83,83,83,0,82,82,82,39,39,39,54,54,54,54,54,54,54,49,49,49,49,49,49,49,49,49,49,49,49,49,49,0,0,0,0,0,0,0,0,0,0,0,0,0,0,0,0,0,0,0]} 1. e4 c5 2. Nf3 e6 3. d4 cxd4 4. Nxd4 Nf6 5. Bd3 Nc6 6. Nxc6 bxc6 7. O-O e5 8. Be3 d6 9. c4 Be7 10. Nc3 O-O 11. Qc2 {B40: Sicilian: 2...e6, Unusual lines.} Be6 12. Rfd1 {[#]} Qc7 $146 ({Predecessor:} 12... Ng4 13. Bc1 Qb6 14. h3 Nf6 15. b3 Rad8 16. Na4 Qb8 17. Nc3 Qc8 {1-0 (38) Llaudy Pupo,L (2235)-Richards,D (2042) Valle del Cauca 2014}) 13. Rac1 {White is slightly better.} Rfd8 14. h3 h6 15. b3 Rac8 16. Qb1 Qb8 17. Be2 (17. Qb2 {feels hotter.} Rc7 18. Qe2 d5 19. cxd5 cxd5 20. exd5 Bxd5 21. Ba6) 17... d5 (17... Rd7 {with more complications.} 18. Bf3 Bd8 19. Na4 Ba5 20. Rc2 Bb4) 18. cxd5 cxd5 19. exd5 Nxd5 20. Nxd5 Bxd5 21. Rxc8 (21. Qf5 {is more complex.} Rxc1 22. Rxc1 a5 23. Qg4 Be6 24. Qg3) 21... Qxc8 22. Bc4 (22. Qb2 {is interesting.} Qc7 23. Rc1 Qb8 24. Qc3 Ba3 25. Rd1) 22... Bxc4 23. Rxd8+ Bxd8 24. bxc4 Qxc4 25. Bxa7 e4 26. Be3 Bc7 {Inhibits Qb8+.} 27. g3 Bd6 28. Kg2 (28. Qb6 $16 Ba3 29. Qa7) 28... Ba3 $11 29. h4 h5 (29... Kh7 $11) 30. Qb8+ $16 Kh7 31. Qe5 Qxa2 32. Qxh5+ Kg8 33. Qa5 {And now Qa4 would win.} Qb3 {To avoid Qa4} 34. Qa8+ Kh7 35. Qxe4+ g6 36. h5 Bf8 $2 {[%mdl 8192] [#]} (36... Bb2 $16 37. Bd2 (37. hxg6+ fxg6 38. Qh4+ Kg8 $16) 37... Bf6 38. hxg6+ fxg6) 37. hxg6+ $18 fxg6 38. Bd4 Qf7 39. Qh4+ $2 (39. Qe5 $18 {[%csl Gd4][%cal Re5h8]} g5 40. Qxg5) 39... Bh6 $16 40. Be3 g5 (40... Qd5+ $16 41. Kh2 g5) 41. Qe4+ $18 ({Weaker is} 41. Bxg5 Qd5+ 42. f3 Qxg5 $11) 41... Qg6 42. Qe7+ Kg8 43. Qd8+ Kh7 44. Qd7+ (44. Qd2 $142) 44... Bg7 $16 45. Kf3 Kh6 46. Kg2 ({Better is} 46. Qh3+ $16 Qh5+ 47. Kg2) 46... Bf6 (46... Kh7 $1 $11 {remains equal.}) 47. Qd5 (47. Qe6 {keeps more tension.} Kh7 48. Kh2 Kg7 49. Qd7+ Kh8 50. Qc8+) 47... Kh7 48. Bd4 {White is more active.} (48. Qe6 $16) 48... Bxd4 $14 49. Qxd4 {[%mdl 4096] Endgame KQ-KQ} Qf5 50. g4 Qf7 51. Qe5 Kg6 52. Kg3 Qd7 53. f3 Qd2 54. Qe4+ Kf6 55. Qc6+ Kg7 56. Qb7+ Kf6 57. Qa6+ Kg7 58. Qa7+ $1 Kg6 59. Qb6+ Kg7 60. Qf2 {To avoid Qe1} (60. Qc7+ $14 {was preferrable.} Kf6 61. Qc6+ Kf7 62. Qc4+ Kg7 63. Qe6) 60... Qxf2+ $1 $11 {The position is equal.} 61. Kxf2 {KPP-KP} Kf6 62. Ke2 {[#] White wants to mate with Kd3.} Ke6 $1 63. Kd2 Kd6 $1 64. Ke3 {White threatens Kd4 and mate.} Ke5 65. f4+ gxf4+ 66. Kf3 Kf6 67. Kxf4 Kg6 68. g5 Kg7 69. Kf5 {White really could win this.  Weighted Error Value: White=0.24 (precise) /Black=0.29 (precise)} 1/2-1/2

[Event "GibChess Battle of the Sexes 2022"]
[Site "Caleta"]
[Date "2022.01.25"]
[Round "2.9"]
[White "Bellahcene, Bilel"]
[Black "Mammadzada, Gunay"]
[Result "0-1"]
[WhiteElo "2512"]
[BlackElo "2470"]
[Annotator "TA"]
[PlyCount "102"]
[EventDate "2022.01.01"]
[EventType "schev"]
[EventCountry "GGB"]
[SourceTitle "playchess.com"]
[Source "ChessBase"]
[SourceQuality "1"]

{[%evp 17,102,10,18,0,20,0,18,12,18,27,38,21,29,32,39,35,37,35,39,32,32,19,25,18,60,38,49,0,63,62,68,74,65,63,83,11,81,71,93,66,83,74,104,70,124,0,0,0,129,40,122,46,73,64,72,74,41,60,122,0,0,-8,0,-12,0,0,0,-39,-43,-75,-28,-87,-86,-125,-104,-134,-115,-98,-103,-114,-116,-508,-502,-935,-942,-1047,-1037]} 1. e4 c5 2. Nf3 d6 3. d4 cxd4 4. Nxd4 Nf6 5. Nc3 a6 6. Be2 e5 7. Nb3 Be7 8. O-O O-O 9. Qd3 Be6 10. Bd2 {B92: Sicilian Najdorf: 6 Be2.} Qc7 (10... Nc6 $5 {[%cal Rc6b4]}) 11. Nd5 Bxd5 12. exd5 {[#] The position is equal.} a5 $146 ({Predecessor:} 12... Ne8 13. c4 f5 14. f4 Nd7 15. fxe5 Nxe5 16. Qe3 g6 17. Rac1 Rc8 18. Ba5 Qd7 19. Nd4 Ng7 20. b3 Rfe8 21. Qf2 Bd8 22. Bc3 Bf6 23. Rce1 Qd8 24. a4 Bh4 {0-1 (24) Kruk,S (2153)-Lang,F ICCF email 2013}) 13. a4 b6 14. Be3 Na6 15. c3 {Prevents Nb4.} Qb7 16. Rfd1 Nc7 {[%cal Rb7d5]} 17. Bf3 Nd7 18. g4 Qc8 19. Nd2 Qd8 20. Nc4 Na6 (20... Ne8 $11) 21. Kh1 h6 22. Qb1 (22. Qc2 $14 {is more appropriate.}) 22... Rc8 (22... Bg5 $11) 23. Be2 $1 $14 {[%cal Oc4e5]} Nac5 24. Qc2 e4 25. Bf4 Qc7 {[%cal Oc5d3]} 26. Na3 (26. Rd4 $16) 26... Nf6 (26... Qb7 $11) 27. Rd4 $16 Qd7 28. Rg1 Qb7 29. Qd1 Nh7 30. Bg3 Rfd8 (30... Bf6 $1 $14) 31. Rc4 Nf6 32. Rd4 Nh7 $1 {[#]} 33. Nc4 (33. b4 $1 $16 {[%cal Rb4c5]}) 33... Nf8 (33... Bf6 $14) 34. Ne3 (34. b4 $16 Nd3 35. Bxd3 (35. bxa5 Bf6 $16) (35. Rxe4 Rxc4 36. Qxd3 Rxe4 $16) 35... exd3 36. Qxd3) 34... Bf6 $14 35. Rc4 Ng6 36. b4 Nd7 37. Qb3 Rxc4 ({Black should play} 37... Qb8 $14) 38. Bxc4 ({Much less strong is} 38. Qxc4 $6 Be5 $14) ({White should try} 38. Nxc4 $16 Qxd5 39. Rd1) 38... Qc7 $11 39. Rb1 (39. Bb5 $5 {[%cal Rb3c4]}) 39... Nde5 40. Be2 Bg5 41. bxa5 bxa5 42. Ng2 Nd7 {[%cal Be5d7,Bd7c5,Bc5a6][%mdl 32]} 43. h3 Nge5 (43... Bf6 $17) 44. c4 (44. Qc2 $1 $11) 44... Nd3 $17 45. Qc2 N7c5 46. Bd1 Na6 {Black is much more active. Pair of Knights!} 47. h4 Bf6 48. Qd2 Qxc4 49. Qxa5 $2 {[%mdl 8192] [#]} (49. Ne3 $17 {is a better chance.} Qc7 50. Bf3) 49... Qa2 $1 $19 {[%csl LRb1,LRf2] Black is clearly winning.} 50. Rb6 (50. Rb5 $142 Nxf2+ 51. Bxf2 Qxf2 52. Qe1) 50... Nxf2+ 51. Bxf2 Qxf2 {Weighted Error Value: White=0.48/Black=0.13 (very precise)} 0-1

[Event "GibChess Battle of the Sexes 2022"]
[Site "Caleta"]
[Date "2022.01.25"]
[Round "2.10"]
[White "Haria, Ravi"]
[Black "Sebag, Marie"]
[Result "1/2-1/2"]
[WhiteElo "2490"]
[BlackElo "2460"]
[Annotator "TA"]
[PlyCount "53"]
[EventDate "2022.01.01"]
[EventType "schev"]
[EventCountry "GGB"]
[SourceTitle "playchess.com"]
[Source "ChessBase"]
[SourceQuality "1"]

{[%evp 23,53,-8,-3,-8,-8,-10,16,22,12,19,17,24,31,10,22,11,42,0,13,0,28,15,14,14,10,10,11,14,20,11,11,19]} 1. e4 c5 2. Nf3 d6 3. Bb5+ Bd7 4. Bxd7+ Qxd7 5. O-O Nc6 6. c3 Nf6 7. Qe2 e6 8. d4 cxd4 9. cxd4 d5 10. e5 Ne4 11. Nbd2 Nxd2 12. Bxd2 Be7 13. g3 {Nowadays more popular than 13.Rac1. B52: Sicilian: Moscow Variation with 3...Bd7.} O-O 14. Kg2 f6 15. exf6 Bxf6 16. Bc3 {[#]} Rae8 $146 ({Predecessor:} 16... a6 17. a4 Rac8 18. h4 Ne7 19. Rfe1 Rc6 20. Bb4 Rfc8 21. Rad1 Nf5 22. Bc5 b6 {½-½ (30) Lewtak,D (2383)-Kyc,J (2250) Krakow 2021}) 17. Rfe1 Rf7 18. Rad1 {[%cal Ba1d1,Bd1d3,Bd3e3][%mdl 32]} h6 19. Rd3 Bd8 20. Re3 {[%cal Re3e6]} Ref8 21. h4 a6 22. Rf1 Rf5 {The position is equal.} 23. Ne5 Nxe5 24. Rxe5 Rxe5 25. Qxe5 Bf6 26. Qe3 Rc8 27. Re1 {An interesting draw.  Weighted Error Value: White=0.09 (flawless) /Black=0.09 (flawless)} 1/2-1/2